000 00894cab a2200253 4500
001 WB3135-10
008 090401t1995 xxu||||| |||| 00| 0 eng d
035 _a(Sirsi) u70359
041 _aeng
245 _aHigh office vacancy a fact of life
260 _c1995
350 _a0
490 _aEstates Gazette
_v(9537) 16 September 1995, 58(1)
520 _aKFR`s Central London Quarterly Report has found that there is a massive oversupply of office property in central London. Take-up rates rose by only 1.5% in the 2Q of this year, and it is possible that vacancy rates may permanently stay at 10%.
650 _aCENTRAL LONDON QUARTERLY REPORT
650 _aCITY OF LONDON
650 _aKNIGHT FRANK & RUTLEY
650 _aOFFICE SUPPLY
650 _aOFFICE TAKE-UP
650 _aVACANCY RATES
690 _aPROPERTY-COMMERCIAL PROPERTY
942 _n0
948 _c04/03/1997
999 _c44241
_d44241